00000000nam##2200000za#4500
0019.696774
003CaOODSP
00520240219183347
007cr |||||||||||
008150407|2004||||xxc|||||o    f|0| 0 eng|d
040 |aCaOODSP|beng
043 |an-cn---
0861 |aD69-9/2004E-PDF
1102 |aDefence R&D Canada.
24510|aMultiple intelligences, gender, and leadership effectiveness in male-dominated versus gender-balanced military units : |h[electronic resource]|ba review of the literature / |cby Lynda Zugec and Karen Korabik.
260 |aOttawa - Ontario : |bDefence Research and Development Canada |cNovember 2004.
300 |a53p.|breferences
546 |a(Résumé en français.)
590 |a12-40-Supp|b2012-10-23
69007|aGender equality|2gcpds
7201 |aZugec, Lynda
7201 |aKorabik, Karen
85640|ahttp://publications.gc.ca|qPDF|s627 KB|uhttps://publications.gc.ca/collections/collection_2012/rddc-drdc/D69-9-2004-eng.pdf